| 000 | 00839nam a22002897a 4500 | ||
|---|---|---|---|
| 001 | 8455 | ||
| 003 | FISKH | ||
| 005 | 20250912124122.0 | ||
| 008 | 250912b cb ||||| |||| 00| 0 eng d | ||
| 020 | _a9780736834599 | ||
| 040 |
_aFISKH _beng _cFISKH _dFISKH |
||
| 050 | _aQB501.V64 | ||
| 082 | _a523.2 | ||
| 100 | _aVogt, Gregory L. | ||
| 245 |
_aThe solar system / _cby Gregory L. Vogt |
||
| 260 |
_aMankato , Minnesota : _bBridgestone Books , _c2003. |
||
| 300 |
_a24 pages : _bcolor illustrations ; _c20 cm. |
||
| 490 | _aGalaxy | ||
| 505 | _aP | ||
| 520 | _aDescribes the Sun, planets, and other objects in the solar system. | ||
| 521 | 8 |
_a670
_bLexile |
|
| 521 | 8 |
_aP
_bRaz-Plus |
|
| 650 |
_aSolar system _vNon-fiction |
||
| 700 |
_aWinrich, Ralph _eConsultant |
||
| 942 |
_2ddc _cBK _n0 |
||
| 999 |
_c8455 _d8455 |
||